000 00333 a2200157 4500
001 181729
020 _a
040 _cMagnum
100 _aAlmeida, Zelia
240 1 0 _aOficina de letras - 1
_lpor
245 1 0 _aOficina de letras - 1
362 0 _a1899
440 1 _aDimensão
697 _aMAGNITO: PARADIDATICO
942 _cBK
999 _c181729
_d181729